000 00582cam a22001577a 4500
008 180718b1970 xxu||||| |||| 00| 0 eng d
082 _aZ12x54 Si64
245 _aResearch in extension education for accelerating development process
_cedited by K. N. Singh, C. S. S. Rao and B. N. Sahay
260 _aNew Delhi
_bIndian Agricultural Research Institute
_c1970
300 _a496p.
650 _aAgricultural education --India --Congresses
650 _aAgricultural extension work --India --Congresses
700 _aSahay, B. N.
700 _aRao, C. S. S.
700 _aSingh, K. N.
999 _c353259
_d353259